College or Prison? Quiz Stats

 Plays Quiz Updated Apr 13, 2012

Challenge
Share
Tweet
Embed
Score 0/20 Timer 04:00
1 Play Today
City C or P % Correct
Chapel Hill, North Carolina???
87.3%
New Haven, Connecticut???
85%
Tuscaloosa, Alabama???
83%
Inez, Kentucky???
74.4%
Provo, Utah???
74.2%
Estill, South Carolina???
73.3%
Coleman, Florida???
72.6%
Devens, Massachusetts???
71.5%
Milan, Michigan???
71.3%
Stillwater, Oklahoma???
70.6%
City C or P % Correct
Lynchburg, Virginia???
69.8%
Atwater, California???
69.1%
Fairton, New Jersey???
68.3%
Laramie, Wyoming???
66.7%
SeaTac, Washington???
66%
Fort Collins, Colorado???
64.3%
Canaan, Pennsylvania???
64.2%
Moscow, Idaho???
54.3%
Delaware, Ohio???
49.1%
Crookston, Minnesota???
38.9%

You're not logged in!

Compare scores with friends on all Sporcle quizzes.
OR
Log In

You Might Also Like...

Show Comments

Extras

Top Quizzes Today


Score Distribution

Your Account Isn't Verified!

In order to create a playlist on Sporcle, you need to verify the email address you used during registration. Go to your Sporcle Settings to finish the process.

Report this User

Report this user for behavior that violates our Community Guidelines.

Details: